Statistics for Every Spongebob Episode

Click here to take the quiz!

General Stats

  • This quiz has been taken 242 times
    (221 since last reset)
  • The average score is 162 of 518

Answer Stats

SeasonProduction NumberEpisode% Correct
11AHelp Wanted
95%
11BReef Blower
86%
13BPlankton!
84%
11CTea at the Treedome
81%
12ABubblestand
74%
13AJellyfishing
73%
16AMermaid Man and Barnacle Boy
73%
12BRipped Pants
73%
15APizza Delivery
68%
18ASandy's Rocket
67%
235BBand Geeks
66%
14BBoating School
66%
110BF.U.N
66%
14ANaughty Nautical Neighbors
66%
120AHooky
63%
120BMermaid Man And Barnacle Boy II
63%
231AMermaid Man and Barnacle Boy III
63%
223BBubble Buddy
62%
15BHome Sweet Pineapple
62%
345AMermaid Man and Barnacle Boy IV
62%
118ATexas
60%
116AValentine's Day
60%
352BMermaid Man and Barnacle Boy V
59%
16BPickles
59%
117BRock Bottom
59%
114ASB-129
59%
236AGraveyard Shift
58%
115BSuds
58%
357BThe Camping Episode
58%
359The Sponge Who Could Fly
58%
225AWormy
58%
228Christmas Who?
56%
17BJellyfish Jam
56%
114BKarate Choppers
56%
119BNeptune's Spatula
56%
19BOpposite Day
56%
221BSquid's Day Off
56%
231BSquirrel Jokes
56%
221AYour Shoe's Untied
56%
233BGary Takes a Bath
55%
17AHall Monitor
55%
467BMermaid Man and Barnacle Boy VI: The Motion Picture
55%
111AMuscleBob BuffPants
55%
19ANature Pants
55%
18BSqueaky Boots
55%
222BBossy Boots
53%
352AChocolate with Nuts
53%
110ACulture Shock
53%
119AFools in April
53%
113BI Was a Teenage Gary
53%
111BSquidward the Unfriendly Ghost
53%
118BWalking Small
53%
223ABig Pink Loser
52%
461AFear of a Krabby Patty
52%
226AGrandma's Kisses
52%
349AKrab Borg
52%
227APrehibernation Week
52%
115ASleepy Time
52%
226BSquidville
52%
341AThe Algae's Always Greener
52%
343BThe Bully
52%
355AThe Great Snail Race
52%
116BThe Paper
52%
235AThe Secret Box
52%
117AArrgh!
51%
234BFrankendoodle
51%
343AJust One Bite
51%
471BKarate Island
51%
357AKrabby Land
51%
227BLife of Crime
51%
233AShanghaied
51%
222ASomething Smells
51%
112AThe Chaperone
51%
592Atlantis Squarepantis
49%
224ADying for Pie
49%
344BIdiot Box
49%
355BMid-Life Crustacean
49%
225BPatty Hype
49%
349BRock-a Bye Bivalve
49%
113AScaredy Pants
49%
354Ugh
49%
353BClams
48%
342AClub SpongeBob
48%
581Friend or Foe
48%
464BGood Neighbors
48%
463Have You Seen This Snail?
48%
6101AHouse Fancy
48%
224BImitation Krabs
48%
237BI'm With Stupid
48%
351Party Pooper Pants
48%
358BPlankton's Army
48%
360BPranks a Lot
48%
346ASnowball Effect
48%
341BSpongeGuard on Duty
48%
348BSquilliam Returns
48%
239BThe Fry Cook Games
48%
6123-124Truth or Square
48%
234AWelcome to the Chum Bucket
48%
350AWet Painters
48%
345BDoing Time
47%
466Dunces and Dragons
47%
6104BGone
47%
350BKrusty Krab Training Video
47%
469AKrusty Towers
47%
342BMy Pretty Seahorse
47%
238ASailor Mouth
47%
232BThe Smoking Peanut
47%
229BDumped
45%
230BI'm Your Biggest Fanatic
45%
353ANew Student Starfish
45%
237AProcrastination
45%
360ASpongeBob Meets the Strangler
45%
472AAll That Glitters
44%
593CBlackJack
44%
356ABorn Again Krabs
44%
347BCan You Spare a Dime?
44%
112BEmployee of the Month
44%
236BKrusty Love
44%
344ANasty Patty
44%
348ANo Weenies Allowed
44%
461BShell of a Man
44%
9189SpongeBob, You're Fired
44%
462AThe Lost Mattress
44%
598What Ever Happened to SpongeBob?
44%
238BArtist Unknown
42%
8167BBubble Buddy Returns
42%
356BI Had An Accident
42%
239AJellyfish Hunter
42%
585BKrabs a la Mode
42%
462BKrabs vs. Plankton
42%
230ANo Free Rides
42%
6104ANot Normal
42%
346BOne Krab's Trash
42%
468APatrick SmartPants
42%
232APressure
42%
240BSandy, SpongeBob, and The Worm
42%
5100BStanley S. Squarepants
42%
229ASurvival Of The Idiots
42%
480BThe Gift of Gum
42%
6105AThe Splinter
42%
471AWhale of a Birthday
42%
358AMissing Identity
41%
582BNight Light
41%
6108APatty Caper
41%
596Pest of the West
41%
464ASkill Crane
41%
468BSquidBob TentaclePants
41%
240ASquid on Strike
41%
589AThe Krusty Sponge
41%
582AThe Original Fry Cook
41%
587ATo Love a Patty
41%
7131BA Pal For Gary
40%
347AAs Seen on TV
40%
6122AChum Bucket Supreme
40%
6125BChum Caverns
40%
477ADriven to Tears
40%
584CGood Ol' Whatshisname
40%
6101BKrabby Road
40%
473ANew Leaf
40%
7134ASpongeBob's Last Stand
40%
6113BThe Card
40%
476AThe Thing
40%
480ABest Day Ever
38%
6109ABoating Buddies
38%
583CFungus Among Us
38%
470BGhost Host
38%
6107AGiant Squidward
38%
591AGoo Goo Gas
38%
7127BI Heart Dancing
38%
469BMrs. Puff, You're Fired
38%
6125APineapple Fever
38%
7133BSquidward in Clarinetland
38%
479BSquid Wood
38%
6106AA Life In a Day
37%
6112BChoir Boys
37%
593APicture Day
37%
586ARoller Cowards
37%
477BRule of Dumb
37%
6111SpongeBob SquarePants vs. The Big One
37%
599BSpongeHenge
37%
475BThat's No Lady
37%
590BThe Donut of Shame
37%
599AThe Two Faces of Squidward
37%
583BWaiting
37%
5100ABanned in Bikini Bottom
36%
594ABlackened Sponge
36%
591BLe Big Switch
36%
585ANew Digs
36%
6102APenny Foolish
36%
6121ASand Castles in the Sand
36%
584ASpy Buddies
36%
590CThe Krusty Plate
36%
472BWishing You Well
36%
597A20,000 Patties Under The Sea
34%
590AA Flea in Her Dome
34%
470AChimps Ahoy
34%
467AEnemy In-Law
34%
8172AFace Freeze!
34%
465BFunny Pants
34%
8178Hello Bikini Bottom!
34%
11231BInk Lemonade
34%
8175It's a SpongeBob Christmas
34%
10207AMimic Madness
34%
6107BNo Nose Knows
34%
593BPat No Pay
34%
7129ASomeone's in the Kitchen With Sandy
34%
588BSpongeBob Vs. The Patty Gadget
34%
9181BSquid Baby
34%
6106BSun Bleached
34%
597BThe Battle of Bikini Bottom
34%
6120BToy Store of Doom
34%
7140BWelcome to the Bikini Bottom Triangle
34%
8159A SquarePants Family Vacation
33%
584BBoat Smarts
33%
7137BGary In Love
33%
476BHocus Pocus
33%
594BMermaid Man vs. SpongeBob
33%
588AMoney Talks
33%
6102BNautical Novice
33%
6108BPlankton's Regular
33%
465ASelling Out
33%
6117AShuffleboarding
33%
588CSlimy Dancing
33%
7128BStuck in the Wringer
33%
6103BSuction Cup Symphony
33%
7127ATentacle Vision
33%
478BBest Frenemies
32%
586BBucket Sweet Bucket
32%
474ABummer Vacation
32%
6115BCephalopod Lodge
32%
6114ADear Vikings
32%
6115AGrandpappy the Pirate
32%
6110BGrooming Gary
32%
9185It Came From Goo Lagoon
32%
9182ALittle Yellow Book
32%
6120ANo Hat For Pat
32%
7137AOne Coarse Meal
32%
8160APatrick's Staycation
32%
6112APorous Pockets
32%
6117BProfessor Squidward
32%
583ARise And Shine
32%
589BSing a Song of Patrick
32%
6122BSingle Cell Anniversary
32%
6105BSlide Whistle Stooges
32%
6103ASpongicus
32%
6126The Clash of Trition
32%
7143The Great Patty Caper
32%
595AThe Inmates of Summer
32%
6110AThe Slumber Party
32%
6116BTo SquarePants or not to SquarePants
32%
587BBreath of Fresh Squidward
30%
7146BEarworm
30%
8156Frozen Face-Off
30%
6113AKrusty Krushers
30%
9181ALicense to Milkshake
30%
473BOnce Bitten
30%
9186BPlankton's Pet
30%
6116ASquid's Visit
30%
475ASquidtastic Voyage
30%
7141BThe Main Drain
30%
479AThe Pink Purlonior
30%
10205AWhirlybrains
30%
474BWigstruck
30%
8153AAccidents Will Happen
29%
8169AAre You Happy Now?
29%
7152ABig Sister Sam
29%
6114BDitchin'
29%
7145BEnchanted Tiki Dreams
29%
9179AExtreme Spots
29%
9200Goodbye, Krabby Patty?
29%
7150AKrusty Dogs
29%
6119BOverbooked
29%
9180APatrick-Man!
29%
7142BSponge-Cano
29%
6109BThe Krabby Kronicle
29%
595BTo Save a Squirrel
29%
478ABorn To Be Wild
27%
10215AFeral Friends
27%
6119AGullible Pants
27%
7144BKarate Star
27%
8161AMooncation
27%
8161BMr. Krab's Takes a Vacation
27%
11231AMy Leg!
27%
9179BSquirrel Record
27%
7144AThat Sinking Feeling
27%
7139BThe Cent of Money
27%
7142ATrenchbillies
27%
7148BWhelk Attack
27%
7136AA Day Without Tears
26%
7135ABack To The Past
26%
9183AEek, an Urchin!
26%
8172BGlove World R.I.P
26%
7130AGreasy Buffoons
26%
6118BKomputer Overload
26%
9197AMall Girl Pearl
26%
7152BPerfect Chemistry
26%
6121BShell Shocked
26%
12254-255SpongeBob's Big Birthday Blowout
26%
7133AThe Curse of Bikini Bottom
26%
8153BThe Other Patty
26%
7149BTunnel of Glove
26%
7132AYours, Mine And Mine
26%
10206BCode Yellow
25%
8173BDemolition Doofus
25%
10215BDon't Wake Patrick
25%
9180BGary's New Toy
25%
7147AHide And Then What Happens?
25%
7131AKeep Bikini Bottom Beautiful
25%
9188AKenny The Cat
25%
9195BLarry's Gym
25%
10205BMermaid Pants
25%
9194APatrick! The Game
25%
8164BPet Sitter Pat
25%
9203BSalsa Imbecilicus
25%
7141AThe Curse of the Hex
25%
7129BThe Inside Job
25%
7145ABuried in Time
23%
8174BFor Here or to Go
23%
8162Ghoul Fools
23%
10207BHouse Worming
23%
7132BKracked Krabs
23%
7151BLove That Squid
23%
9204AMutiny on the Krusty
23%
10214BOut of the Picture
23%
10209ASpongebob's Place
23%
10212BSportz?
23%
7140AThe Monster Who Came to Bikini Bottom
23%
8176BChum Fricassee
22%
8154ADrive Thru
22%
9184BEvil Spatula
22%
8168BFiasco!
22%
11237Goons on the Moon
22%
9184AJailbreak!
22%
8171AKaren 2.0
22%
10208BKrusty Katering
22%
10213BLost and Found
22%
9196BMarried to Money
22%
7151ANew Fish in Town
22%
6118APet or Pests
22%
8169BPlanet of the Jellyfish
22%
10209BPlankton Gets The Boot
22%
7138BRodeo Daze
22%
12256ASpongeBob in Randomland
22%
7146AThe Abrasive Side
22%
7135BThe Bad Guy Club For Villains
22%
7138AThe Play's The Thing
22%
8160BWalking the Plankton
22%
9182BBumper to Bumper
21%
11216ACave Dwelling Sponge
21%
9198BCopyBob DittoPants
21%
8170AFree Samples
21%
7139AGramma's Secret Recipe
21%
7128AGrowth Spout
21%
8170BHome Sweet Rubble
21%
11238BKaren's Virus
21%
11219AMan Ray Returns
21%
7130BModel Sponge
21%
10211APlankton Retires
21%
7147BShellback Shenanigans
21%
11217ASpot Returns
21%
7136BSummer Job
21%
11217BThe Check-Up
21%
8177AThe Good Krabby Name
21%
11220The Legend of Boo-Kini Bottom
21%
9204BThe Whole Tooth
21%
8174ATreats!
21%
10210BBurst Your Bubble
19%
9187ADon't Look Now
19%
8163AMermaid Man Begins
19%
8177BMove It or Lose It
19%
11225BPat the Horse
19%
9193ASanctuary!
19%
8155BSentimental Sponge
19%
9198ASharks vs. Pods
19%
9199ASold!
19%
8157ASquidward's School for Grown-Ups
19%
10211BTrident Trouble
19%
9197BTwo Thumbs Down
19%
10206AUnreal Estate
19%
9188BYeti Krabs
19%
7149AYou Don't Know Sponge
19%
8155AA Friendly Game
18%
11234BChefBob
18%
9192ACompany Picnic
18%
11229ADoodle Dimension
18%
12242AFarmerbob
18%
9202AFood Con Castaways
18%
12242BGary And Spot
18%
9199BLame and Fortune
18%
9190ALost in Bikini Bottom
18%
9203APineapple Invasion
18%
8163BPlankton's Good Eye
18%
8168ARestraining SpongeBob
18%
8165BSmoothe Jazz in Bikini Bottom
18%
10208ASnooze You Lose
18%
9183BSquid Defense
18%
9191ASquid Plus One
18%
8158BThe Googly Artiste
18%
8154BThe Hot Shot
18%
8167AThe Krabby Patty That Ate Bikini Bottom
18%
11239BThe Night Patty
18%
9194BThe Sewers of Bikini Bottom
18%
8166BThe Way of the Sponge
18%
8166ABubble Troubles
16%
11226BDon't Feed The Clowns
16%
11219BLarry The Floor Manager
16%
8157BOral Report
16%
10214APatrick's Coupon
16%
9187BSeance Shmeance
16%
9202BSnail Mail
16%
11218ASpin the Bottle
16%
9195ASpongeBob LongPants
16%
11224ASquid Noir
16%
11216BThe Clam Whisperer
16%
9196AThe Fish Bowl
16%
10213AThe Getaway
16%
10212AThe Incredible Shrinking Sponge
16%
7148AThe Masterpiece
16%
9190BTutor Sauce
16%
8164ABarnacle Face
15%
11240ABubbletown
15%
9201BBulletin Board
15%
12252BDirty Bubble Returns
15%
11227ADrive Happy
15%
11240BGirls' Night Out
15%
8165AHouse Sittin for Sandy
15%
12250BKaren's Baby
15%
9192BPull Up a Barrel
15%
9201ASandy's Nutmare
15%
8158ASweet And Sour Squid
15%
12248AThe Krusty Bucket
15%
9193BWhat's Eating Patrick?
15%
12266Escape From Beneath Glove World
14%
11222AKrabby Patty Creature Feature
14%
11233BKrusty Kleaners
14%
10210ALife Insurance
14%
11227BOld Man Patrick
14%
11234APatnocchio
14%
13270BPat the Dog
14%
12249ASandy's Nutty Nieces
14%
11224BScavenger Pants
14%
8173ASquiditis
14%
8176ASuper Evil Aquatic Villain Team Up Is Go!
14%
12243BThe Ballad of Filthy Muck
14%
9191BThe Executive Treatment
14%
12244AThe Krusty Slammer
14%
12243AThe Nitwitting
14%
11218BThere's a Sponge in my Soup
14%
11241BThe String
14%
11233AWhale Watching
14%
13268AA Place For Pets
12%
12257BBreakin'
12%
12250ABroken Alarm
12%
11236ACall The Cops
12%
11230AHigh Sea Diving
12%
8171BinSPONGEiac
12%
11221ANo Pictures Please
12%
12247BOne Trick Sponge
12%
12244BPineapple RV
12%
9186ASafe Deposit Krabs
12%
12256BSpongeBob's Bad Habit
12%
12248BSquid's on a Bus
12%
11222BTeacher's Pests
12%
12263AWho R Zoo?
12%
11238AAppointment TV
11%
11223BBunny Hunt
11%
12267BDream Hoppers
11%
11228AFun-Sized Friends
11%
12245AGary's Got Legs
11%
12253AJolly Lodgers
11%
12245BKing Plankton
11%
11232AMustard O' Mine
11%
12259BMy Two Krabses
11%
11235APlankton Paranoia
11%
13269BSquidward's Sick Daze
11%
11241ASquirrel Jelly
11%
12247ASwamp Mates
11%
12258BThe Goofy Newbie
11%
12262AA Cabin in the Kelp
10%
11230BBottle Burglars
10%
12265ABubble Bass's Tab
10%
11226AChatterbox Gary
10%
13271BC.H.U.M.S
10%
13270AGoofy Scoopers
10%
11228BGrandmum's The Word
10%
12257AHandemonium
10%
12249BInsecurity Guards
10%
13268BLockdown for Love
10%
11229BMoving Bubble Bass
10%
12251ASenior Discount
10%
13272SpongeBob's Road to Christmas
10%
11221BStuck on the Roof
10%
12259AThe Ghost of Plankton
10%
11239AThe Grill is Gone
10%
13269AUnder the Small Top
10%
12258ABoss for a Day
8%
12260AKnock Knock, Who's There?
8%
11235BLibrary Cards
8%
12252AMind The Gap
8%
12260BPat Hearts Squid
8%
12246APlankton's Old Chum
8%
11223ASanitation Insanity
8%
12251BShell Games
8%
11232BShopping List
8%
13271ASomething Narwhal This Way Comes
8%
11236BSurf N Turf
8%
12262BThe Hankering
8%
12253BBiddy Sitting
7%
12261BHiccup Plague
7%
12267AKrusty Koncessionaires
7%
12261ALighthouse Louie
7%
12246BStormy Weather
7%
12264BPatrick's Tantrum
5%
12264APlankton's Intern
5%
12265BKooky Kooks
4%
7150BThe Wreck of the Moana Loa
4%
11225ACuddle E. Huggs
0%
12263BThe Kwarentined Krabs
0%

Score Distribution

Percentile by Number Answered

Percent of People with Each Score

Your Score History

You have not taken this quiz since the last reset